Loading...
| Fine Arts - Classical Music | 0 | 6 | 1 | 0 | 55 | 25 | 67.00 | 1 | 3 |
| Mythology | 0 | 4 | 0 | 0 | 40 | 16 | 53.75 | 1 | 2 |
| Literature - British Literature | 0 | 3 | 0 | 1 | 30 | 62 | 87.67 | 0 | 0 |
| Religion | 0 | 3 | 1 | 1 | 25 | 34 | 81.00 | 1 | 1 |
| Literature - World Literature | 0 | 2 | 0 | 0 | 20 | 64 | 79.50 | 0 | 1 |
| Geography | 0 | 2 | 0 | 1 | 20 | 54 | 64.00 | 1 | 2 |
| Literature - American Literature | 0 | 2 | 0 | 1 | 20 | 56 | 79.00 | 0 | 2 |
| Painting/Sculpture | 0 | 2 | 0 | 1 | 20 | 101 | 106.50 | 0 | 0 |
| Science - Chemistry | 0 | 2 | 1 | 0 | 15 | 45 | 53.00 | 0 | 1 |
| Pop Culture | 0 | 2 | 1 | 0 | 15 | 25 | 37.00 | 1 | 2 |
| Fine Arts - Other Fine Arts | 0 | 2 | 1 | 0 | 15 | 68 | 73.00 | 1 | 2 |
| History - American History | 0 | 1 | 0 | 0 | 10 | 76 | 76.00 | 0 | 1 |
| Science - Biology | 0 | 1 | 1 | 0 | 5 | 73 | 73.00 | 0 | 0 |